Statystyki dla 10 najkrótszych granic na świecie

Kliknij tutaj aby rozwiązać quiz!

Ogólne statystyki

  • Ten quiz został rozwiązany 31 razy
  • Średni wynik to 8 z 10

Statystyki odpowiedzi

GranicaGranica% Poprawnych
LiechtesnteinSzwajcaria
100%
WłochyWatykan
97%
WłochySan marino
93%
AustriaLiechtenstein
87%
FrancjaMonako
87%
Korea PółnocnaRosja
87%
ChorwacjaCzarnogóra
70%
ArmeniaIran
63%
BotswanaZambia
43%
EgiptPalestyna
30%

Rozkład punktacji

Percentyl według liczby udzielonych odpowiedzi

Procent ludzi z każdym wynikiem

Twoja historia wyników

Nie rozwiązałeś tego quizu